000 00667nam a2200301Ia 4500
005 20260401122414.0
008 008 250103s9999 xx 000 0 eng d
020 _a9780307381200
037 _aTB
040 _aEDL
040 _beng
040 _cEDL
041 _2eng
041 _aeng
084 _a809.89 PHA
084 _qEDL
100 _aPham, Andrew X.
_91233504
245 0 _aEaves of Heaven: Life in three wars
245 0 _cPham, Andrew X.
260 _aHarmony Books
260 _bNewYork
260 _c2008
300 _a297p
942 _cTB
942 _h809.89 PHA
999 _c1847057
_d1847057